|
|
|
|
| LEADER |
00000nam a2200000 a 4500 |
| 001 |
vtls001322641 |
| 003 |
SK-MaSNL |
| 005 |
20260223133612.0 |
| 008 |
210928s1988 xx 0 und |
| 035 |
|
|
|a SNK000275321
|
| 040 |
|
|
|a SNK
|b slo
|c SNK
|e AACR2
|
| 245 |
1 |
|
|a Progresívní konstrukce čistíren odpadních vod
|
| 260 |
|
|
|a Ústí nad Labem
|b ČSVTS
|c 1988
|
| 300 |
|
|
|a 60 s.
|
| 958 |
|
|
|a OND
|
| 999 |
|
|
|c 558997
|d 560927
|
| 952 |
|
|
|a SNK
|b SNK
|y PREZ
|7 0
|p 17A0975184
|o snkSC 73691
|0 0
|1 0
|4 0
|d 2012-09-25
|l 0
|r 2025-07-29 00:00:00
|w 2026-02-23
|
| 952 |
|
|
|t P60, <04>, [BOOK], {604}
|a SNK
|b SNK
|y VYP
|7 0
|p 17A0126629
|o snkSC 73691 D1
|0 0
|1 0
|4 0
|d 1998-02-27
|l 0
|r 2005-01-02 00:00:00
|w 2026-02-23
|